[Event "World Youth Girls U16 2014"]
[Site "Durban RSA"]
[Date "2014.09.28"]
[Round "10.1"]
[White "Gazikova, Veronika"]
[Black "Unuk, Laura"]
[Result "1/2-1/2"]
[WhiteTitle "WFM"]
[BlackTitle "WFM"]
[WhiteElo "2134"]
[BlackElo "2247"]
[WhiteFideId "14919311"]
[BlackFideId "14609215"]
[EventDate "2014.09.20"]

1. e4 e6 2. d4 d5 3. Nd2 c5 4. exd5 Qxd5 5. Ngf3 cxd4 6. Bc4 Qd8 7. O-O a6 8. a4
Nc6 9. Nb3 Be7 10. Nbxd4 Nxd4 11. Nxd4 Bf6 12. Nb3 Qc7 13. Bd3 Ne7 14. c3 Bd7
15. Be3 Bc6 16. Qc2 Be5 17. h3 Nd5 18. Bd4 Bd6 19. Rfe1 Qe7 20. Na5 Qg5 21. Nxc6
bxc6 22. Be4 Rb8 23. Rad1 Ke7 24. b4 Rhc8 25. Qd3 Ra8 26. c4 Bxb4 27. cxd5 cxd5
28. Bf3 Bxe1 29. Rxe1 Rc4 30. Be3 Qg6 31. Qa3+ Kd7 32. Qb3 Rac8 33. Qb7+ R8c7
34. Qxa6 Qc2 35. Qb5+ R7c6 36. Be2 Qxa4 37. Bxc4 Qxc4 38. Qxc4 Rxc4 39. Rc1 Ra4
40. Kf1 e5 41. Ke2 f5 42. Rb1 f4 43. Bd2 Ke6 44. Rb6+ Kf5 45. Rb7 Kf6 46. Rb5
Ke6 47. Ra5 Rc4 48. Ra7 Kf6 49. Rd7 Rc5 50. Kd3 Rb5 51. Bc3 h5 52. Rd8 d4 53.
Bd2 Rb2 54. f3 Kf5 55. Rf8+ Ke6 56. Rh8 g6 57. Rc8 Kf5 58. h4 Ra2 59. Rc2 Ra4
60. Rb2 Ra1 61. Bb4 Rd1+ 62. Ke2 Rg1 63. Kf2 Rc1 64. Be7 Ke6 65. Bd8 Rc8 66. Bg5
Rc6 67. Ke2 Ra6 68. Kd2 Kd5 69. Rb5+ Ke6 70. Kd3 Ra3+ 71. Kc4 Rc3+ 72. Kb4 Rc2
73. Rb6+ Kd5 74. Rxg6 Rb2+ 75. Ka3 Rxg2 76. Rg8 Rg3 77. Rd8+ Kc4 78. Rc8+ Kd5
79. Rd8+ Kc4 80. Rc8+ Kd5 81. Rd8+ Kc4 82. Rc8+ 1/2-1/2

[Event "World Youth Girls U16 2014"]
[Site "Durban RSA"]
[Date "2014.09.28"]
[Round "10.2"]
[White "Tsolakidou, Stavroula"]
[Black "Abdusattorova, Bakhora"]
[Result "1-0"]
[WhiteTitle "WFM"]
[BlackTitle "WFM"]
[WhiteElo "2250"]
[BlackElo "2008"]
[WhiteFideId "4264312"]
[BlackFideId "14204126"]
[EventDate "2014.09.20"]

1. e4 e5 2. Nf3 Nc6 3. Bb5 Nf6 4. d3 Bc5 5. Bxc6 dxc6 6. h3 O-O 7. Be3 Bd6 8.
Nc3 Nd7 9. O-O f6 10. d4 Qe8 11. Qe2 Kh8 12. Nh4 Nb6 13. Rad1 a5 14. b3 exd4 15.
Rxd4 c5 16. Rd3 c4 17. Rxd6 cxd6 18. Bxb6 Qc6 19. Bd4 Be6 20. Qh5 Bf7 21. Qg4
Rae8 22. f4 b5 23. f5 b4 24. Nd5 Bxd5 25. exd5 Qxd5 26. Ng6+ Kg8 27. Nxf8 Re4
28. Ne6 Rxg4 29. hxg4 cxb3 30. cxb3 g6 31. Bxf6 gxf5 32. gxf5 a4 33. bxa4 Qxa2
34. Bd4 Qd5 35. f6 Kf7 36. Nd8+ Kg6 37. Rf4 Qh5 38. f7 1-0

[Event "World Youth Girls U16 2014"]
[Site "Durban RSA"]
[Date "2014.09.28"]
[Round "10.3"]
[White "Drogovoz, Irina"]
[Black "Derakhshani, Dorsa"]
[Result "0-1"]
[BlackTitle "WFM"]
[WhiteElo "2313"]
[BlackElo "2148"]
[WhiteFideId "4176715"]
[BlackFideId "12500330"]
[EventDate "2014.09.20"]

1. d4 Nf6 2. c4 e6 3. g3 Bb4+ 4. Bd2 Bxd2+ 5. Qxd2 d5 6. Bg2 c6 7. Nc3 dxc4 8.
e4 Qa5 9. Nf3 b5 10. e5 Nd5 11. O-O Nxc3 12. bxc3 h6 13. a4 Qb6 14. Qb2 Na6 15.
Nd2 Rb8 16. Qa3 b4 17. cxb4 O-O 18. Qe3 Rd8 19. b5 cxb5 20. axb5 Qxb5 21. Rfb1
Qd7 22. Rxb8 Nxb8 23. Nxc4 Qxd4 24. Qxd4 Rxd4 25. Nd6 Ba6 26. Bf1 Bxf1 27. Kxf1
Nc6 28. f4 a5 29. Nb7 Rd5 30. Rc1 Nd4 31. Ra1 Nb3 32. Ra3 Rb5 33. Nd6 Rb4 34.
Ke2 g5 35. fxg5 hxg5 36. Kd3 Nc5+ 37. Kc3 Ne4+ 38. Nxe4 Rxe4 39. Rxa5 Re2 40. h4
gxh4 41. gxh4 Re4 42. Kd3 Rxh4 43. Ke3 Kg7 44. Ra7 Kg6 45. Rb7 Rh7 46. Kf4 f5
47. Rb6 Rh4+ 48. Kf3 Kf7 49. Ra6 Re4 50. Ra5 Ke7 51. Ra7+ Kd8 52. Rh7 Rxe5 53.
Rg7 Rd5 54. Kf4 Rd7 55. Rg8+ Ke7 56. Rg7+ Ke8 57. Rg1 Kf7 58. Rh1 Rd4+ 59. Kf3
Kf6 0-1

[Event "World Youth Girls U16 2014"]
[Site "Durban RSA"]
[Date "2014.09.28"]
[Round "10.4"]
[White "Haussernot, Cecile"]
[Black "Monnisha, GK"]
[Result "0-1"]
[WhiteTitle "WFM"]
[BlackTitle "WFM"]
[WhiteElo "2011"]
[BlackElo "2078"]
[WhiteFideId "601632"]
[BlackFideId "5009936"]
[EventDate "2014.09.20"]

1. e4 e6 2. d4 d5 3. Nc3 Nf6 4. e5 Nfd7 5. f4 c5 6. Nf3 Nc6 7. Be3 Be7 8. Qd2
O-O 9. dxc5 Bxc5 10. Bxc5 Nxc5 11. O-O-O Qa5 12. Qe3 Bd7 13. h4 Rac8 14. a3 Na4
15. Nxa4 Qxa4 16. Bd3 f6 17. Rdf1 Na5 18. Nd4 Qxd4 19. Qe2 Nc4 20. c3 Qe3+ 0-1

[Event "World Youth Girls U16 2014"]
[Site "Durban RSA"]
[Date "2014.09.28"]
[Round "10.5"]
[White "Vasova, Maria"]
[Black "Bluhm, Sonja Maria"]
[Result "0-1"]
[BlackTitle "WFM"]
[WhiteElo "1958"]
[BlackElo "2155"]
[WhiteFideId "2900955"]
[BlackFideId "24654027"]
[EventDate "2014.09.20"]

1. e4 c5 2. Nf3 Nc6 3. d4 cxd4 4. Nxd4 Nf6 5. Nc3 d6 6. Bg5 e6 7. Qd2 Qb6 8. Nb3
Be7 9. O-O-O O-O 10. f3 a6 11. Bxf6 Bxf6 12. Qxd6 Bxc3 13. bxc3 Rd8 14. Qc5
Rxd1+ 15. Kxd1 Qc7 16. Nd4 Bd7 17. Nxc6 Bxc6 18. Bd3 Rc8 19. Kd2 b6 20. Qd4 Rd8
21. Qe3 Bb5 22. g3 Bc4 23. a4 Bxd3 24. cxd3 Qc4 25. Rc1 Rd6 26. e5 Rd5 27. Qe4
Qc5 28. f4 h6 29. Rb1 Rd8 30. d4 Qa5 31. Rb4 Rd5 32. Rc4 g6 33. Qb1 b5 34. axb5
axb5 35. Rb4 Kg7 36. Qb2 Kh7 37. Qb1 Kg7 38. Qb2 Kh7 39. Ke3 Kg7 40. Kd3 Kh7 41.
Rb3 Qa6 42. Rb4 Qa5 43. g4 Qa6 44. h4 Qc6 45. Ke3 Rd7 46. Rxb5 Qh1 47. Rb8 Qxh4
48. Qb4 Qe1+ 49. Kd3 Rc7 50. Rb7 Qg3+ 51. Kc2 Qg2+ 52. Kd3 Rxb7 53. Qf8 Qf3+ 54.
Kd2 Rb2+ 0-1

[Event "World Youth Girls U16 2014"]
[Site "Durban RSA"]
[Date "2014.09.28"]
[Round "10.6"]
[White "Ghukasyan, Siranush"]
[Black "Kafetzi, Angeliki"]
[Result "1-0"]
[WhiteElo "2155"]
[BlackElo "1896"]
[WhiteFideId "13300946"]
[BlackFideId "4238419"]
[EventDate "2014.09.20"]

1. e4 c5 2. Nf3 g6 3. d4 cxd4 4. Nxd4 Nc6 5. Nc3 d6 6. Be3 Nf6 7. f3 Bg7 8. Qd2
Bd7 9. O-O-O Rc8 10. g4 a6 11. Nxc6 Bxc6 12. Bd4 b5 13. Nd5 Bxd5 14. exd5 O-O
15. h4 Qc7 16. Rh2 Nd7 17. Bxg7 Kxg7 18. h5 Rh8 19. h6+ Kf8 20. f4 Nf6 21. g5
Nd7 22. Re1 Nb6 23. Rhe2 Re8 24. Bg2 Qc5 25. Qd3 Qc4 26. Qxc4 Nxc4 27. b3 Nb6
28. Kb2 f6 29. gxf6 Nc8 30. Bh3 Kf7 31. Bxc8 Rxc8 32. fxe7 Rhe8 33. Re6 a5 34.
Rxd6 Rxe7 35. Rxe7+ Kxe7 36. Ra6 a4 37. bxa4 bxa4 38. Rxa4 1-0

[Event "World Youth Girls U16 2014"]
[Site "Durban RSA"]
[Date "2014.09.28"]
[Round "10.7"]
[White "Egorova, Ayyyna"]
[Black "Bykovtsev, Agata"]
[Result "1-0"]
[WhiteTitle "WCM"]
[WhiteElo "1992"]
[BlackElo "2059"]
[WhiteFideId "24136611"]
[BlackFideId "2046547"]
[EventDate "2014.09.20"]

1. e4 c5 2. Nf3 d6 3. d4 cxd4 4. Qxd4 Nc6 5. Bb5 Bd7 6. Bxc6 Bxc6 7. Nc3 Nf6 8.
Bg5 e6 9. O-O-O Be7 10. Qd3 Qa5 11. h4 h6 12. Bxf6 Bxf6 13. Nd4 O-O 14. f4 Rfd8
15. g4 Bxd4 16. Qxd4 b5 17. g5 h5 18. g6 f6 19. Kb1 b4 20. Ne2 Rac8 21. Ng3 Ba4
22. Rc1 Rc6 23. b3 Bb5 24. Nxh5 Ra6 25. a4 bxa3 26. Nxf6+ gxf6 27. Qxf6 a2+ 28.
Ka1 Qc7 29. h5 Qg7 30. e5 Qxf6 31. exf6 Be8 32. Rcg1 Rc8 33. h6 Bxg6 34. Rxg6+
Kf7 35. Rg5 Rb6 36. h7 Rbb8 37. Rh6 Rh8 38. Rg7+ Kf8 39. Rhg6 e5 40. Rg8+ Kf7
41. Rxb8 1-0

[Event "World Youth Girls U16 2014"]
[Site "Durban RSA"]
[Date "2014.09.28"]
[Round "10.8"]
[White "Mahalakshmi, M"]
[Black "Virkud, Apurva"]
[Result "1-0"]
[WhiteTitle "WFM"]
[BlackTitle "WCM"]
[WhiteElo "2048"]
[BlackElo "2041"]
[WhiteFideId "5001080"]
[BlackFideId "2050820"]
[EventDate "2014.09.20"]

1. d4 d5 2. c4 e6 3. Nc3 Nf6 4. cxd5 exd5 5. Bg5 Be7 6. e3 c6 7. Bd3 Nbd7 8. Qc2
O-O 9. Nge2 Re8 10. O-O Nf8 11. f3 g6 12. h3 Ne6 13. Bh4 b6 14. Kh1 Bb7 15. Rad1
Nh5 16. Bf2 Rc8 17. e4 Nef4 18. Nxf4 Nxf4 19. e5 Bg5 20. Bg3 Nh5 21. Bh2 Nf4 22.
Ne2 Nxd3 23. Qxd3 Ra8 24. f4 Bh6 25. f5 Bc8 26. f6 a5 27. Bf4 Ba6 28. Qd2 Bxe2
29. Qxe2 Bxf4 30. Rxf4 Re6 31. Qd2 Rc8 32. Rh4 Qf8 33. Qg5 c5 34. Rf1 cxd4 35.
Rxd4 Rc5 36. Rfd1 h6 37. Qe3 Kh7 38. Rxd5 Qe8 39. Rxc5 bxc5 40. Rd5 Rxf6 41.
Qxc5 Rf1+ 42. Kh2 Qa4 43. Qd4 Qxa2 44. e6 Qb1 45. Re5 fxe6 46. Qd7+ Kg8 47. Rxe6
Rf8 48. Re7 Qxb2 49. Qe6+ Kh8 50. Qxg6 Qb8+ 51. Kg1 Rf1+ 52. Kxf1 Qf4+ 53. Kg1
Qd4+ 54. Kh2 1-0

[Event "World Youth Girls U16 2014"]
[Site "Durban RSA"]
[Date "2014.09.28"]
[Round "10.9"]
[White "Narva, Mai"]
[Black "Fuskova, Martina"]
[Result "1/2-1/2"]
[WhiteTitle "WCM"]
[WhiteElo "2210"]
[BlackElo "1961"]
[WhiteFideId "4500512"]
[BlackFideId "300063"]
[EventDate "2014.09.20"]

1. e4 c5 2. Nf3 Nc6 3. d4 cxd4 4. Nxd4 e5 5. Nb5 d6 6. c4 Be7 7. N1c3 a6 8. Na3
f5 9. exf5 Bxf5 10. Bd3 Be6 11. O-O Nf6 12. Bg5 Ng4 13. Bxe7 Qxe7 14. Ne4 O-O
15. h3 Nh6 16. Ng3 Nf5 17. Nxf5 Bxf5 18. Bxf5 Rxf5 19. Qd5+ Kh8 20. Nc2 Raf8 21.
Rad1 R5f6 22. Rd2 Qc7 23. Qd3 Qf7 24. b4 Rf4 25. b5 Nd4 26. Nxd4 Rxd4 27. Qe2
Qxc4 28. Qxc4 Rxc4 29. bxa6 bxa6 30. Rxd6 Ra4 31. Rd2 Kg8 32. Rc1 g6 33. Rc5 e4
34. Re5 Kf7 35. Re2 Re8 36. Rxe8 Kxe8 37. f3 Kf7 38. fxe4 Ke6 39. Kf2 Ke5 40.
Kf3 h6 41. g3 Ra3+ 42. Kg2 1/2-1/2

[Event "World Youth Girls U16 2014"]
[Site "Durban RSA"]
[Date "2014.09.28"]
[Round "10.10"]
[White "Zhang, Lanlin"]
[Black "Drogovoz, Maria"]
[Result "0-1"]
[WhiteElo "1988"]
[BlackElo "2167"]
[WhiteFideId "8608032"]
[BlackFideId "4176731"]
[EventDate "2014.09.20"]

1. e4 c5 2. Nf3 d6 3. d4 cxd4 4. Nxd4 Nf6 5. Nc3 a6 6. Be2 e6 7. O-O Be7 8. Kh1
Qc7 9. f4 O-O 10. a4 Nc6 11. Be3 Re8 12. Qe1 Nxd4 13. Bxd4 e5 14. fxe5 dxe5 15.
Qg3 Bd8 16. Be3 Kh8 17. Bd3 Be6 18. Rae1 Be7 19. Bg5 Nh5 20. Qh4 Bxg5 21. Qxg5
Nf4 22. Rf3 Rad8 23. Ne2 Qa5 24. Ra1 f6 25. Qh4 Nxd3 26. cxd3 Qd2 27. Ng3 Rxd3
28. Nh5 Qd1+ 29. Rf1 Qg4 30. Qxg4 Bxg4 31. Ng3 Red8 32. Kg1 Be6 33. Rfc1 Kg8 34.
b4 g6 35. b5 a5 36. Rc7 Rd1+ 37. Rxd1 Rxd1+ 38. Kf2 Rd7 39. Rc3 Kf7 40. Ne2 f5
41. exf5 gxf5 42. Rc5 Kf6 43. b6 Rd6 44. Rxa5 Rxb6 45. Rc5 Bd7 46. Rc4 Bc6 47.
g3 Rb2 48. Rh4 Kg6 49. Ke3 Rb3+ 50. Kd2 Ra3 51. g4 f4 52. Rh5 f3 53. Ng3 e4 54.
Re5 Kf6 55. Rf5+ Ke6 56. Nf1 Rxa4 57. h4 b5 58. Rf8 b4 59. Rb8 Kd5 60. Ne3+ Kc5
61. g5 Ra2+ 62. Kd1 b3 63. h5 Kd4 64. Rxb3 Ba4 65. Nc2+ Rxc2 66. Rb4+ Rc4+ 0-1

[Event "World Youth Girls U16 2014"]
[Site "Durban RSA"]
[Date "2014.09.29"]
[Round "11.1"]
[White "Tsolakidou, Stavroula"]
[Black "Gazikova, Veronika"]
[Result "1/2-1/2"]
[WhiteTitle "WFM"]
[BlackTitle "WFM"]
[WhiteElo "2250"]
[BlackElo "2134"]
[WhiteFideId "4264312"]
[BlackFideId "14919311"]
[EventDate "2014.09.20"]

1. e4 Nf6 2. e5 Nd5 3. d4 d6 4. c4 Nb6 5. exd6 exd6 6. Nc3 Nc6 7. Be3 Be7 8. Bd3
Bf6 9. Nge2 Bg4 10. f3 Bh5 11. b3 O-O 12. O-O Bg6 13. Be4 Bg5 14. Bf2 Bh4 15.
Be3 Bg5 16. Bf2 Bh4 17. Be3 Bg5 18. Bf2 Bh4 1/2-1/2

[Event "World Youth Girls U16 2014"]
[Site "Durban RSA"]
[Date "2014.09.29"]
[Round "11.2"]
[White "Unuk, Laura"]
[Black "Derakhshani, Dorsa"]
[Result "1-0"]
[WhiteTitle "WFM"]
[BlackTitle "WFM"]
[WhiteElo "2247"]
[BlackElo "2148"]
[WhiteFideId "14609215"]
[BlackFideId "12500330"]
[EventDate "2014.09.20"]

1. d4 Nf6 2. c4 e6 3. Nf3 Bb4+ 4. Bd2 Bxd2+ 5. Qxd2 d5 6. Nc3 Qe7 7. g3 O-O 8.
Bg2 dxc4 9. e4 Rd8 10. O-O b6 11. Qe2 a5 12. Rfd1 Ba6 13. d5 e5 14. a4 Nbd7 15.
Qc2 Nc5 16. Nd2 Nd3 17. Nb5 Bxb5 18. axb5 Ng4 19. Rf1 Qc5 20. Qxc4 Qxc4 21. Nxc4
f6 22. Ra3 Nc5 23. Rc1 Rab8 24. Nxa5 Ra8 25. Rcc3 Nxe4 26. Bxe4 bxa5 27. d6 cxd6
28. Bxa8 Rxa8 29. b6 Rb8 30. Rab3 1-0

[Event "World Youth Girls U16 2014"]
[Site "Durban RSA"]
[Date "2014.09.29"]
[Round "11.3"]
[White "Bluhm, Sonja Maria"]
[Black "Mahalakshmi, M"]
[Result "0-1"]
[WhiteTitle "WFM"]
[BlackTitle "WFM"]
[WhiteElo "2155"]
[BlackElo "2048"]
[WhiteFideId "24654027"]
[BlackFideId "5001080"]
[EventDate "2014.09.20"]

1. e4 c6 2. d4 d5 3. e5 Bf5 4. Nf3 e6 5. Be2 Nd7 6. Nbd2 Ne7 7. O-O h6 8. Nb3
Bh7 9. Be3 Nf5 10. a4 Be7 11. a5 O-O 12. c4 Nxe3 13. fxe3 f6 14. exf6 Nxf6 15.
Bd3 Bd6 16. Bxh7+ Nxh7 17. Qd3 Ng5 18. Nbd2 a6 19. cxd5 exd5 20. e4 Bc7 21. Nxg5
Qxg5 22. e5 Rxf1+ 23. Nxf1 Rf8 24. Ng3 Bxa5 25. Rd1 Bb6 26. Qb3 Ba7 27. h3 Qxe5
28. Qxb7 Qxg3 29. Qxa7 Rf2 0-1

[Event "World Youth Girls U16 2014"]
[Site "Durban RSA"]
[Date "2014.09.29"]
[Round "11.4"]
[White "Monnisha, GK"]
[Black "Ghukasyan, Siranush"]
[Result "1-0"]
[WhiteTitle "WFM"]
[WhiteElo "2078"]
[BlackElo "2155"]
[WhiteFideId "5009936"]
[BlackFideId "13300946"]
[EventDate "2014.09.20"]

1. e4 e5 2. Nf3 Nc6 3. Bb5 a6 4. Ba4 Nf6 5. d3 d6 6. c3 g6 7. Nbd2 Bg7 8. O-O
O-O 9. Re1 b5 10. Bc2 Re8 11. a4 Bb7 12. b4 Qe7 13. Nb3 Nd7 14. Bd2 Nb6 15. a5
Nd7 16. c4 Nf8 17. Qc1 Ne6 18. Bb1 Qd7 19. Ra2 f5 20. cxb5 axb5 21. Rc2 Rf8 22.
exf5 Rxf5 23. Ng5 Nxg5 24. Bxg5 Rc8 25. a6 Ba8 26. Bd2 Rcf8 27. Rf1 R5f7 28. Ba2
Kh8 29. f3 h5 30. Rf2 Re7 31. Bg5 Ree8 32. Na5 Nxb4 33. Rxc7 Qf5 34. Bh6 Nxa2
35. Bxg7+ Kg8 36. Qh6 1-0

[Event "World Youth Girls U16 2014"]
[Site "Durban RSA"]
[Date "2014.09.29"]
[Round "11.5"]
[White "Drogovoz, Maria"]
[Black "Egorova, Ayyyna"]
[Result "0-1"]
[BlackTitle "WCM"]
[WhiteElo "2167"]
[BlackElo "1992"]
[WhiteFideId "4176731"]
[BlackFideId "24136611"]
[EventDate "2014.09.20"]

1. e4 Nf6 2. e5 Nd5 3. d4 d6 4. Nf3 dxe5 5. Nxe5 c6 6. c4 Nb4 7. Na3 Bf5 8. Be2
Nd7 9. Nd3 e5 10. O-O Bxd3 11. Bxd3 Nxd3 12. Qxd3 Nc5 13. Qg3 exd4 14. Re1+ Ne6
15. f4 Qf6 16. f5 Qxf5 17. Qc7 Bb4 18. Qxb7 Bxe1 19. Qxa8+ Nd8 20. Bf4 Bf2+ 21.
Kxf2 Qxf4+ 22. Kg1 Qe3+ 23. Kf1 O-O 24. Re1 Qf4+ 25. Kg1 Qc7 0-1

[Event "World Youth Girls U16 2014"]
[Site "Durban RSA"]
[Date "2014.09.29"]
[Round "11.6"]
[White "Abdusattorova, Bakhora"]
[Black "Drogovoz, Irina"]
[Result "1-0"]
[WhiteTitle "WFM"]
[WhiteElo "2008"]
[BlackElo "2313"]
[WhiteFideId "14204126"]
[BlackFideId "4176715"]
[EventDate "2014.09.20"]

1. d4 Nf6 2. c4 g6 3. Nc3 d5 4. cxd5 Nxd5 5. e4 Nxc3 6. bxc3 Bg7 7. Nf3 O-O 8.
Be2 c5 9. O-O Nc6 10. Be3 Qc7 11. d5 Rd8 12. Qc2 Na5 13. Rac1 Bg4 14. c4 e5 15.
h3 Bxf3 16. Bxf3 b6 17. g3 Nb7 18. Bg2 Nd6 19. f4 Qe7 20. f5 g5 21. Qd2 f6 22.
h4 h6 23. Qe2 Nf7 24. Kf2 Kf8 25. Bf3 Rd6 26. a4 a5 27. Rb1 Qc7 28. Rb5 Kg8 29.
Rfb1 Bf8 30. Bh5 Nd8 31. Kg2 Nb7 32. Bg6 Ra6 33. Rh1 Qe7 34. Rbb1 Bg7 35. Qh5
Nd8 36. Rb5 Nb7 37. Rb2 Kf8 38. Qg4 Nd8 39. Rf1 Nf7 40. hxg5 hxg5 41. Rh1 Rd7
42. Bxf7 Qxf7 43. Rhb1 Rd6 44. Rxb6 Raxb6 45. Rxb6 Qc7 46. Rb5 1-0

[Event "World Youth Girls U16 2014"]
[Site "Durban RSA"]
[Date "2014.09.29"]
[Round "11.7"]
[White "Fesselier, Melissa"]
[Black "Haussernot, Cecile"]
[Result "0-1"]
[BlackTitle "WFM"]
[WhiteElo "1966"]
[BlackElo "2011"]
[WhiteFideId "20689284"]
[BlackFideId "601632"]
[EventDate "2014.09.20"]

1. e4 c5 2. Nf3 d6 3. Nc3 Nf6 4. d4 cxd4 5. Qxd4 a6 6. e5 Nc6 7. Qa4 dxe5 8.
Nxe5 Bd7 9. Nxd7 Qxd7 10. Bd2 e5 11. O-O-O Bc5 12. Bg5 Qf5 13. Bxf6 Qxf6 14. Nd5
Qh6+ 15. Kb1 O-O 16. f4 b5 17. Qe4 f5 18. Qf3 Nd4 19. Rxd4 exd4 20. Nc7 Rad8 21.
a4 d3 22. axb5 Qd6 23. Nxa6 d2 24. Bd3 Rfe8 25. Qd1 Bb4 26. Bc4+ Kh8 27. c3 Qxf4
28. Nxb4 Qxc4 29. Nc2 Ra8 30. Qxd2 Re2 31. Na3 Qe4+ 0-1

[Event "World Youth Girls U16 2014"]
[Site "Durban RSA"]
[Date "2014.09.29"]
[Round "11.8"]
[White "Wozniak, Mariola"]
[Black "Narva, Mai"]
[Result "0-1"]
[WhiteTitle "WCM"]
[BlackTitle "WCM"]
[WhiteElo "1992"]
[BlackElo "2210"]
[WhiteFideId "1152050"]
[BlackFideId "4500512"]
[EventDate "2014.09.20"]

1. e4 c5 2. Nf3 Nc6 3. d4 cxd4 4. Nxd4 Nf6 5. Nc3 d6 6. Bg5 e6 7. Qd2 a6 8.
O-O-O Bd7 9. f4 b5 10. Bxf6 gxf6 11. Kb1 Qb6 12. Nxc6 Bxc6 13. f5 b4 14. Ne2 e5
15. Ng3 h5 16. h4 Qc5 17. Bd3 Bh6 18. Qe2 Be3 19. Nxh5 Ke7 20. g4 a5 21. Rh3 Bd4
22. g5 a4 23. Nxf6 a3 24. c3 bxc3 25. b3 Rhb8 26. Kc2 Rxb3 27. axb3 a2 28. Ra1
Qa3 29. Kd1 c2+ 30. Bxc2 Bxa1 31. Nd5+ Bxd5 32. f6+ Kd8 0-1

[Event "World Youth Girls U16 2014"]
[Site "Durban RSA"]
[Date "2014.09.29"]
[Round "11.9"]
[White "Gal, Hanna Krisztina"]
[Black "Fuskova, Martina"]
[Result "1/2-1/2"]
[WhiteElo "2094"]
[BlackElo "1961"]
[WhiteFideId "711861"]
[BlackFideId "300063"]
[EventDate "2014.09.20"]

1. e4 c5 2. Nf3 Nc6 3. Bb5 g6 4. O-O Bg7 5. c3 Nf6 6. Re1 O-O 7. h3 a6 8. Bf1
Qc7 9. d4 cxd4 10. cxd4 d5 11. e5 Ne4 12. a3 Rd8 13. Nc3 Nxc3 14. bxc3 Na5 15.
Bd2 Bd7 16. Ng5 h6 17. Nf3 Rac8 18. Bd3 Nc4 19. Bc1 Na5 20. Bd2 Nc4 21. Bc1 Na5 1/2-1/2

[Event "World Youth Girls U16 2014"]
[Site "Durban RSA"]
[Date "2014.09.29"]
[Round "11.10"]
[White "Bykovtsev, Agata"]
[Black "Auvray, Honorine"]
[Result "1/2-1/2"]
[WhiteElo "2059"]
[BlackElo "1799"]
[WhiteFideId "2046547"]
[BlackFideId "600512"]
[EventDate "2014.09.20"]

1. e4 c5 2. Nf3 d6 3. Nc3 Nf6 4. d4 cxd4 5. Nxd4 Nc6 6. Bc4 Qb6 7. Nb3 e6 8. Bf4
Ne5 9. Be2 Be7 10. O-O a6 11. a4 Qc7 12. a5 O-O 13. f3 Nc6 14. Be3 Nd7 15. Na4
Rb8 16. Qe1 d5 17. exd5 exd5 18. Qf2 Nce5 19. c3 Nc4 20. Ba7 Ra8 21. Bd4 Bf6 22.
Bxf6 Nxf6 23. Bxc4 dxc4 24. Nb6 Rb8 25. Nd2 Bf5 26. Qh4 Bd3 27. Rfe1 Qc5+ 28.
Kh1 Qb5 29. Ndxc4 Bxc4 30. Nxc4 Rbd8 31. Re5 Rd5 32. Rae1 Rfd8 33. Rxd5 Qxd5 34.
h3 Qc5 35. b4 Qc6 36. Rc1 Rd3 37. Ne5 Rxc3 38. Nxc6 Rxc1+ 39. Kh2 Rxc6 40. Qd4
Kf8 41. Qd8+ Ne8 42. Kg3 h6 43. Qb8 Rc7 44. Kf2 Re7 45. f4 g6 46. Kf3 f6 47. h4
Kf7 48. f5 g5 49. hxg5 hxg5 50. Qh2 Kg7 51. Qh5 Kg8 52. Qg6+ Kf8 53. Qh6+ Kg8
54. g3 Kf7 55. Qg6+ Kf8 56. Kg4 Re4+ 57. Kh5 Re1 58. Qh6+ Kg8 59. Kg4 Re4+ 60.
Kf3 Rxb4 61. Qh2 Rb5 62. Qa2+ Kg7 63. g4 Re5 64. Qb3 Re7 65. Qd1 Kf7 66. Qh1 Kg7
67. Qh5 Kg8 68. Qg6+ Kf8 69. Kf2 Re5 70. Qh7 Rxa5 71. Qxb7 Re5 72. Qxa6 Re7 1/2-1/2